[Event "32nd ECC Open 2016"]
[Site "Novi Sad SRB"]
[Date "2016.11.09"]
[Round "4.28"]
[Board "2"]
[White "Van Foreest, Lucas"]
[Black "Fioramonti, Hung"]
[Result "1-0"]
[BlackTitle "IM"]
[WhiteElo "2384"]
[BlackElo "2325"]
[WhiteTeam "JSV SISSA"]
[BlackTeam "Club d'Echecs de Geneve"]
[WhiteFideId "1039792"]
[BlackFideId "1300202"]
[EventDate "2016.11.06"]

1. e4 Nf6 2. Nc3 d5 3. e5 Ne4 4. Nce2 d4 5. c3 Nc6 6. Nxd4 Nxd4 7. Qa4+ c6 8.
Qxd4 Qxd4 9. cxd4 Ng5 10. Bc4 Ne6 11. Ne2 Nc7 12. Nc3 Bf5 13. a4 Rd8 14. d3 Rxd4
15. Be3 Rd8 16. Ke2 a6 17. Bb6 Rc8 18. b4 e6 19. b5 axb5 20. axb5 Nd5 21. Nxd5
cxd5 22. Bb3 Bb4 23. Ra4 Bc3 24. d4 O-O 25. Rc1 Bb2 26. Rxc8 Rxc8 27. Bc5 f6 28.
exf6 gxf6 29. Ra7 Rc7 30. b6 Rf7 31. Kd2 1-0

[Event "32nd ECC Open 2016"]
[Site "Novi Sad SRB"]
[Date "2016.11.09"]
[Round "4.28"]
[Board "3"]
[White "Gerber, Richard"]
[Black "Lambrechts, Koen"]
[Result "1/2-1/2"]
[WhiteTitle "IM"]
[WhiteElo "2326"]
[BlackElo "2284"]
[WhiteTeam "Club d'Echecs de Geneve"]
[BlackTeam "JSV SISSA"]
[WhiteFideId "1300652"]
[BlackFideId "1027123"]
[EventDate "2016.11.06"]

1. d4 e6 2. Nf3 b5 3. e4 Bb7 4. Bxb5 Bxe4 5. c4 Nf6 6. Nc3 Bb7 7. O-O Be7 8. Re1
O-O 9. d5 c6 10. d6 cxb5 11. Nxb5 Na6 12. Bf4 Ne8 13. dxe7 Qxe7 14. Re3 Qc5 15.
Qxd7 Bxf3 16. Rxf3 Qxc4 17. Qb7 Qc8 18. Qxc8 Rxc8 19. Ra3 Nb4 20. Rxa7 Nd3 21.
Bd2 Rc2 22. Bc3 Nf6 23. Bd4 Rxf2 24. Rd1 Nxb2 25. Rb1 Nd3 26. Rd1 Nb2 27. Rb1
Nd3 28. Rd1 Nb2 29. Rb1 1/2-1/2

[Event "32nd ECC Open 2016"]
[Site "Novi Sad SRB"]
[Date "2016.11.09"]
[Round "4.28"]
[Board "4"]
[White "Hummel, Erik-Jan"]
[Black "Landenbergue, Claude"]
[Result "1-0"]
[WhiteTitle "FM"]
[BlackTitle "IM"]
[WhiteElo "2280"]
[BlackElo "2334"]
[WhiteTeam "JSV SISSA"]
[BlackTeam "Club d'Echecs de Geneve"]
[WhiteFideId "1009028"]
[BlackFideId "1300130"]
[EventDate "2016.11.06"]

1. d4 Nf6 2. Nf3 d6 3. c4 g6 4. Nc3 Bg7 5. e4 O-O 6. Be2 a6 7. O-O Bg4 8. Be3
Nfd7 9. h3 Bxf3 10. Bxf3 c5 11. d5 b5 12. Be2 bxc4 13. Bxc4 Ra7 14. Re1 Rb7 15.
Qc2 Qa5 16. Bd2 Qc7 17. Bf1 Rc8 18. Na4 Bd4 19. Rac1 Ne5 20. Bc3 Bxc3 21. Qxc3
Rb4 22. b3 Qb7 23. f4 Ned7 24. Bc4 Nb6 25. Nxb6 Rxb6 26. e5 Qc7 27. Rc2 Rf8 28.
Rce2 Qd8 29. Qg3 Rb4 30. h4 Nd7 31. h5 Nb6 32. a3 Rxc4 33. bxc4 Nxc4 34. e6 Nb6
35. exf7+ Rxf7 36. hxg6 hxg6 37. Re6 Rg7 38. Rxg6 Rxg6 39. Qxg6+ Kf8 40. Qf5+
Ke8 41. Rb1 Qc7 42. Qg6+ Kf8 43. Qh6+ Ke8 44. Kh2 c4 45. Qh8+ Kf7 46. Qd4 Nd7
47. Rb4 Nf6 48. Qxc4 Qd8 49. f5 Qg8 50. Kg1 Qg3 51. Qe2 Qxa3 52. Qe6+ Kf8 53.
Rb8+ Ne8 54. Qh6+ Kf7 55. Qg6+ 1-0

[Event "32nd ECC Open 2016"]
[Site "Novi Sad SRB"]
[Date "2016.11.09"]
[Round "4.28"]
[Board "5"]
[White "Kovacevic, Vladimir"]
[Black "Ten Vergert, Paul"]
[Result "1/2-1/2"]
[BlackTitle "CM"]
[WhiteElo "2160"]
[BlackElo "2210"]
[WhiteTeam "Club d'Echecs de Geneve"]
[BlackTeam "JSV SISSA"]
[WhiteFideId "906662"]
[BlackFideId "1021249"]
[EventDate "2016.11.06"]

1. c4 e6 2. Nf3 f5 3. e3 Nf6 4. a3 b6 5. b3 Bb7 6. Bb2 Be7 7. d3 O-O 8. Nbd2 d6
9. Be2 e5 10. d4 e4 11. Ng5 Bc8 12. Nh3 a5 13. Qc2 c5 14. g3 Na6 15. Nf4 Nc7 16.
h4 Ne6 17. d5 Nxf4 18. exf4 Ne8 19. Nf1 Bf6 20. O-O-O Bxb2+ 21. Qxb2 Qf6 22. Ne3
Qxb2+ 23. Kxb2 Nf6 24. Ra1 Bd7 25. Rhb1 Rfb8 26. Kc3 Kf7 27. b4 g6 28. bxc5 bxc5
29. Bd1 Ke7 30. Bc2 Kd8 31. Kd2 Kc7 32. Ke2 Rxb1 33. Rxb1 Rb8 34. Rxb8 Kxb8 35.
Kd2 1/2-1/2

[Event "32nd ECC Open 2016"]
[Site "Novi Sad SRB"]
[Date "2016.11.09"]
[Round "4.28"]
[Board "6"]
[White "Dijkstra, Arjan"]
[Black "Delpin, Patrice"]
[Result "1-0"]
[WhiteElo "2105"]
[BlackElo "2034"]
[WhiteTeam "JSV SISSA"]
[BlackTeam "Club d'Echecs de Geneve"]
[WhiteFideId "1021389"]
[BlackFideId "1313770"]
[EventDate "2016.11.06"]

1. e4 c5 2. Nf3 Nc6 3. d4 cxd4 4. Nxd4 e5 5. Nb5 a6 6. Nd6+ Bxd6 7. Qxd6 Qf6 8.
Qd3 Qg6 9. Be3 Nge7 10. Nc3 Nb4 11. Qd2 d5 12. Bc5 d4 13. O-O-O Qh6 14. Qxh6
gxh6 15. Bxb4 dxc3 16. Bxc3 Nc6 17. f4 Bg4 18. Rd6 Rd8 19. Rxd8+ Kxd8 20. f5 f6
21. h3 Bh5 22. Bd2 Bf7 23. Bxh6 Ke7 24. b3 Rc8 25. c3 Nd4 26. Kb2 Nb5 27. Bd2
Nd6 28. Bd3 b5 29. g4 Be8 30. Be3 Bf7 31. Rd1 Be8 32. Bc2 Bf7 33. Bb6 Nb7 1-0

[Event "32nd ECC Open 2016"]
[Site "Novi Sad SRB"]
[Date "2016.11.09"]
[Round "4.29"]
[Board "1"]
[White "Theodorou, Nikolas"]
[Black "Svane, Rasmus"]
[Result "1/2-1/2"]
[BlackTitle "GM"]
[WhiteElo "2481"]
[BlackElo "2546"]
[WhiteTeam "Chania Chess Academy"]
[BlackTeam "Nordea Skanderborg"]
[WhiteFideId "4262875"]
[BlackFideId "4657101"]
[EventDate "2016.11.06"]

1. Nf3 d5 2. d4 Nf6 3. c4 e6 4. g3 Bb4+ 5. Bd2 Be7 6. Bg2 O-O 7. O-O c6 8. Qc2
Nbd7 9. Bf4 b6 10. Rd1 Ba6 11. b3 Qc8 12. Nc3 dxc4 13. e4 h6 14. h3 Rd8 15. Nd2
b5 16. bxc4 bxc4 17. Na4 Nb6 18. Nxb6 axb6 19. Nxc4 Bxc4 20. Qxc4 c5 21. d5 exd5
22. exd5 Bd6 23. a4 Qd7 24. Bxd6 Qxd6 25. Qb5 Rdc8 26. Rab1 c4 27. Qxb6 Qxb6 28.
Rxb6 Rxa4 29. Rc6 Rd8 30. Rc1 Kf8 31. R6xc4 Rxc4 32. Rxc4 Ke7 33. Rc5 Kd6 34.
Rb5 Ke5 35. f4+ Kd4 36. Kf2 Rd7 37. Ra5 Ne4+ 38. Bxe4 Kxe4 39. d6 f6 40. Ra6 Kf5
41. Kf3 Ke6 42. Kg4 g6 43. f5+ gxf5+ 44. Kf4 h5 45. h4 Rb7 46. d7+ Kxd7 47. Rxf6
Rb4+ 48. Kxf5 Rb5+ 49. Kg6 Rb3 50. g4 hxg4 51. h5 Rf3 52. h6 1/2-1/2

[Event "32nd ECC Open 2016"]
[Site "Novi Sad SRB"]
[Date "2016.11.09"]
[Round "4.29"]
[Board "2"]
[White "Semcesen, Daniel"]
[Black "Papadopoulos, Argirios"]
[Result "1/2-1/2"]
[WhiteTitle "GM"]
[BlackTitle "FM"]
[WhiteElo "2469"]
[BlackElo "2194"]
[WhiteTeam "Nordea Skanderborg"]
[BlackTeam "Chania Chess Academy"]
[WhiteFideId "1706993"]
[BlackFideId "4241509"]
[EventDate "2016.11.06"]

1. d4 Nf6 2. c4 e6 3. Nc3 Bb4 4. a3 Bxc3+ 5. bxc3 b6 6. f3 Nc6 7. e4 d6 8. Bd3
Na5 9. f4 Ba6 10. e5 Ng8 11. Nf3 Qd7 12. Qe2 Qa4 13. Nd2 O-O-O 14. O-O Ne7 15.
Rb1 Kb8 16. Rb4 Qd7 17. Ne4 Bb7 18. Rb1 Bxe4 19. Bxe4 Nxc4 20. exd6 cxd6 21. f5
d5 22. Bf4+ Kb7 23. Bf3 Rc8 24. fxe6 Qxe6 25. Qa2 Qc6 26. a4 a6 27. Rfe1 Rhe8
28. h3 Ng8 29. Be5 f6 30. Bf4 Ka7 31. Kh1 g5 32. Bh2 f5 33. Be5 Re6 34. Re2 Rce8
35. Rbe1 Nh6 36. Bh5 R8e7 37. Qc2 Nxe5 38. dxe5 Qc7 39. Qd2 g4 40. Qxd5 Qxc3 41.
Re3 Qc5 42. Qxc5 bxc5 43. hxg4 fxg4 44. Kg1 Nf5 45. Re4 Ng3 46. Bxg4 Nxe4 47.
Bxe6 Rxe6 48. Rxe4 Kb6 49. Kf2 Kc6 50. Kf3 Kd5 51. Kf4 Re7 52. Re2 Rf7+ 53. Kg5
Ke6 54. g4 c4 55. Rc2 Rc7 56. Kf4 c3 57. Ke4 Rc4+ 58. Kd3 Rc5 59. Kd4 Rd5+ 60.
Kc4 Rd8 61. g5 Kxe5 62. Re2+ Kf5 63. Kxc3 Kxg5 64. Re6 Ra8 65. Kd4 h5 66. Ke4 h4
67. Kf3 Rf8+ 68. Kg2 Ra8 69. Kh3 Kf5 70. Rb6 Kf4 71. a5 Ra7 72. Rf6+ Ke5 73. Rh6
Kd5 74. Kxh4 Kc5 75. Rb6 Rg7 1/2-1/2

[Event "32nd ECC Open 2016"]
[Site "Novi Sad SRB"]
[Date "2016.11.09"]
[Round "4.29"]
[Board "3"]
[White "Liodakis, Konstantinos-Spyros"]
[Black "Pedersen, Nicolai Vesterbaek"]
[Result "0-1"]
[BlackTitle "IM"]
[WhiteElo "2175"]
[BlackElo "2377"]
[WhiteTeam "Chania Chess Academy"]
[BlackTeam "Nordea Skanderborg"]
[WhiteFideId "4217136"]
[BlackFideId "1402340"]
[EventDate "2016.11.06"]

1. c4 Nf6 2. Nc3 e6 3. e4 c5 4. e5 Ng8 5. Nf3 Nc6 6. d4 cxd4 7. Nxd4 Nxe5 8.
Ndb5 a6 9. Nd6+ Bxd6 10. Qxd6 Ne7 11. Be3 f6 12. Ne4 Nf5 13. Qa3 b5 14. cxb5 d5
15. O-O-O Bd7 16. Nd6+ Nxd6 17. Qxd6 axb5 18. Kb1 Qe7 19. Qb6 O-O 20. f4 Rfb8
21. Qc5 Qxc5 22. Bxc5 Rc8 23. Bd4 Nf7 24. Bc3 Nd6 25. Bd3 Ra4 26. f5 e5 27. Bc2
d4 28. Bxa4 bxa4 29. Bxd4 Bxf5+ 30. Ka1 Bc2 31. Be3 Bxd1 32. Rxd1 Nf5 33. Bg1
Nh4 34. b4 axb3 35. axb3 Nxg2 36. b4 e4 37. Kb2 e3 38. Ra1 Re8 0-1

[Event "32nd ECC Open 2016"]
[Site "Novi Sad SRB"]
[Date "2016.11.09"]
[Round "4.29"]
[Board "4"]
[White "Grove, Peter"]
[Black "Tsarouhas, Konstantinos"]
[Result "1-0"]
[WhiteElo "2170"]
[BlackElo "2121"]
[WhiteTeam "Nordea Skanderborg"]
[BlackTeam "Chania Chess Academy"]
[WhiteFideId "1411101"]
[BlackFideId "4201094"]
[EventDate "2016.11.06"]

1. e4 c5 2. Nf3 e6 3. b3 Nf6 4. e5 Nd5 5. Bb2 Nc6 6. g3 Be7 7. Bg2 O-O 8. O-O b5
9. d3 f5 10. c4 Nc7 11. Nc3 a6 12. d4 cxd4 13. Nxd4 Nxe5 14. cxb5 Rb8 15. Qe2
Bf6 16. Rfd1 axb5 17. f4 Ng4 18. Nc6 dxc6 19. Rxd8 Rxd8 20. Nd1 Nd5 21. Bxf6
gxf6 22. h3 Nh6 23. Rc1 Bd7 24. Ne3 Nf7 25. Nxd5 cxd5 26. Qb2 Kg7 27. g4 fxg4
28. hxg4 h6 29. Rf1 Be8 30. g5 hxg5 31. fxg5 e5 32. gxf6+ Kf8 33. Qc3 Rd6 34.
Qg3 1-0

[Event "32nd ECC Open 2016"]
[Site "Novi Sad SRB"]
[Date "2016.11.09"]
[Round "4.29"]
[Board "5"]
[White "Georgakopoulos, Nikolaos K."]
[Black "Munk, Kai"]
[Result "1-0"]
[WhiteElo "2025"]
[BlackElo "2039"]
[WhiteTeam "Chania Chess Academy"]
[BlackTeam "Nordea Skanderborg"]
[WhiteFideId "4283430"]
[BlackFideId "1406949"]
[EventDate "2016.11.06"]

1. e4 c5 2. Nf3 a6 3. c3 d5 4. exd5 Qxd5 5. d4 e6 6. Be3 cxd4 7. cxd4 Nf6 8. Nc3
Qa5 9. Bd3 Nbd7 10. O-O Bd6 11. Qe2 O-O 12. Bd2 Qh5 13. Ne4 Nxe4 14. Qxe4 Nf6
15. Qe1 Nd7 16. Bc3 Re8 17. Ne5 f6 18. Be2 Qh6 19. Ng4 Qg6 20. f4 Nf8 21. Qd1
Kh8 22. Ne5 fxe5 23. Bh5 Qh6 24. Bxe8 exf4 25. Qf3 Rb8 26. Bd2 g5 27. Rae1 b5
28. Qc6 Bb7 29. Qxd6 Rxe8 30. d5 Bxd5 31. Bc3+ Kg8 32. Re5 Ng6 33. Rxd5 exd5 34.
Qxd5+ Kf8 35. Bb4+ Ne7 36. Re1 Qg6 37. Rxe7 Rxe7 38. Qd8+ Kg7 39. Qxe7+ Kh6 40.
Qd6 1-0

[Event "32nd ECC Open 2016"]
[Site "Novi Sad SRB"]
[Date "2016.11.09"]
[Round "4.29"]
[Board "6"]
[White "Jessen, Claus Qvist"]
[Black "Vozinaki, Anthi - Maria"]
[Result "0-1"]
[WhiteElo "1952"]
[BlackElo "1870"]
[WhiteTeam "Nordea Skanderborg"]
[BlackTeam "Chania Chess Academy"]
[WhiteFideId "1423681"]
[BlackFideId "4263898"]
[EventDate "2016.11.06"]

1. Nf3 c5 2. g3 Nc6 3. Bg2 g6 4. d4 cxd4 5. Nxd4 Bg7 6. Nxc6 bxc6 7. O-O Nf6 8.
c4 O-O 9. Nc3 Rb8 10. Qc2 c5 11. Re1 d6 12. h3 Be6 13. b3 Qb6 14. Rb1 Rfd8 15.
e4 Ne8 16. Nd5 Bxd5 17. exd5 a5 18. Bb2 Bxb2 19. Rxb2 a4 20. Reb1 a3 0-1

[Event "32nd ECC Open 2016"]
[Site "Novi Sad SRB"]
[Date "2016.11.09"]
[Round "4.30"]
[Board "1"]
[White "Williams, A. Howard"]
[Black "Adair, James R"]
[Result "0-1"]
[WhiteTitle "FM"]
[BlackTitle "IM"]
[WhiteElo "2323"]
[BlackElo "2488"]
[WhiteTeam "Cardigan"]
[BlackTeam "White Rose"]
[WhiteFideId "1800043"]
[BlackFideId "406252"]
[EventDate "2016.11.06"]

1. Nf3 d5 2. d4 Nf6 3. c4 e6 4. Nc3 c5 5. cxd5 Nxd5 6. e4 Nxc3 7. bxc3 cxd4 8.
cxd4 Bb4+ 9. Bd2 Bxd2+ 10. Qxd2 O-O 11. Bc4 Nd7 12. O-O b6 13. Rfe1 Bb7 14. Rad1
Rc8 15. Bd3 Qe7 16. Qf4 Qf6 17. Qd2 Rfd8 18. e5 Qe7 19. Ng5 Nf8 20. Be4 Rc4 21.
Bxb7 Qxb7 22. Ne4 Qd5 23. Nd6 Ra4 24. Re2 Ng6 25. g3 Ne7 26. Qf4 f6 27. Qd2 Nc6
28. Qc2 Rxd4 29. Red2 Nxe5 0-1

[Event "32nd ECC Open 2016"]
[Site "Novi Sad SRB"]
[Date "2016.11.09"]
[Round "4.30"]
[Board "2"]
[White "Brown, Martin"]
[Black "Jones, Iolo C"]
[Result "1-0"]
[WhiteTitle "FM"]
[BlackTitle "FM"]
[WhiteElo "2302"]
[BlackElo "2172"]
[WhiteTeam "White Rose"]
[BlackTeam "Cardigan"]
[WhiteFideId "401480"]
[BlackFideId "1800094"]
[EventDate "2016.11.06"]

1. e4 e5 2. Nf3 Nf6 3. Nxe5 d6 4. Nf3 Nxe4 5. Nc3 Nf6 6. d4 Be7 7. Bd3 O-O 8. h3
Nbd7 9. O-O Nb6 10. Re1 Bd7 11. Ne2 Re8 12. c4 c5 13. d5 h6 14. Qc2 Bc8 15. Bf4
Nbd7 16. g4 Nf8 17. Kh2 b5 18. b3 bxc4 19. bxc4 N6h7 20. Nc3 Bd7 21. Ne4 Qc7 22.
Kg1 Ng6 23. Bg3 Nf6 24. Nc3 Nf8 25. Kg2 N6h7 26. Rad1 Rab8 27. Bf4 g5 28. Bc1
Bf6 29. Ne4 Bg7 30. h4 f6 31. Rh1 Rb6 32. Nh2 Qd8 33. f4 Qe7 34. Nf3 Bh8 35. Rh2
Bc8 36. hxg5 hxg5 37. fxg5 Nxg5 38. Nexg5 fxg5 39. Nxg5 Be5 40. Rh3 Bd4 41. Rf1
Bf6 42. Nh7 Be5 43. Nxf8 Rxf8 44. Bh7+ Kh8 45. Rxf8+ Qxf8 46. Bg8+ 1-0

[Event "32nd ECC Open 2016"]
[Site "Novi Sad SRB"]
[Date "2016.11.09"]
[Round "4.30"]
[Board "3"]
[White "Heap, Gerry"]
[Black "Townsend, M Paul"]
[Result "1-0"]
[WhiteElo "2060"]
[BlackElo "2231"]
[WhiteTeam "Cardigan"]
[BlackTeam "White Rose"]
[WhiteFideId "415650"]
[BlackFideId "402320"]
[EventDate "2016.11.06"]

1. c4 e6 2. Nf3 Nf6 3. g3 d5 4. Bg2 Be7 5. O-O O-O 6. b3 c5 7. e3 Nc6 8. Bb2 d4
9. exd4 cxd4 10. Re1 Re8 11. a3 a5 12. d3 Bc5 13. Nbd2 e5 14. Ng5 Bg4 15. Bf3
Bf5 16. Nge4 Nxe4 17. Nxe4 Bf8 18. g4 Bg6 19. Bc1 Be7 20. g5 f5 21. gxf6 gxf6
22. Ng3 Qd7 23. Bd5+ Kh8 24. Qf3 Nd8 25. Kg2 Ra6 26. h4 Bf7 27. Be4 Rg8 28. Kh2
Be6 29. Nf5 Bf8 30. Bd2 Rb6 31. Rab1 Bxa3 32. Bxa5 Ra6 33. Bd2 Bf8 34. Rg1 Ra2
35. Bh6 Rxg1 36. Rxg1 Bxf5 37. Bd5 Nf7 38. Bxf8 h6 39. Be4 Nd6 40. Bxd6 Bxe4 41.
Qxf6+ 1-0

[Event "32nd ECC Open 2016"]
[Site "Novi Sad SRB"]
[Date "2016.11.09"]
[Round "4.30"]
[Board "4"]
[White "Barrett, Stephen J"]
[Black "Van Kemenade, Rudy"]
[Result "1-0"]
[WhiteElo "2181"]
[BlackElo "1969"]
[WhiteTeam "White Rose"]
[BlackTeam "Cardigan"]
[WhiteFideId "408727"]
[BlackFideId "410942"]
[EventDate "2016.11.06"]

1. d4 Nf6 2. Nf3 g6 3. c4 Bg7 4. Nc3 O-O 5. Bg5 h6 6. Bh4 d6 7. e3 Nbd7 8. Be2
e5 9. Qc2 a6 10. Rd1 Qe8 11. O-O g5 12. Bg3 Nh5 13. Nxg5 hxg5 14. Bxh5 Bf6 15.
Ne4 Bd8 16. f4 gxf4 17. exf4 exd4 18. Rxd4 Qe6 19. f5 Qh6 20. Qe2 Bf6 21. Nxf6+
Nxf6 22. Rh4 Qg5 23. Rff4 Bxf5 24. Qf3 Be4 25. Rxe4 Nxe4 26. Rxe4 Qg7 27. Be1 f5
28. Re7 Qg5 29. Qd5+ Kh8 30. Bc3+ Rf6 31. Qf7 Qc1+ 32. Kf2 Qf4+ 33. Bf3 Qh4+ 34.
Kg1 Rf8 35. Qxf8# 1-0

[Event "32nd ECC Open 2016"]
[Site "Novi Sad SRB"]
[Date "2016.11.09"]
[Round "4.30"]
[Board "5"]
[White "Haigh, Tony"]
[Black "O'driscoll, Kieran"]
[Result "1/2-1/2"]
[WhiteElo "1810"]
[BlackElo "2109"]
[WhiteTeam "Cardigan"]
[BlackTeam "White Rose"]
[WhiteFideId "1802569"]
[BlackFideId "2501899"]
[EventDate "2016.11.06"]

1. d4 d5 2. Nf3 c6 3. c4 Nf6 4. cxd5 cxd5 5. Nc3 Nc6 6. Bf4 a6 7. e3 Bg4 8. h3
Bxf3 9. gxf3 e6 10. a3 Bd6 11. Bxd6 Qxd6 12. Be2 O-O 13. O-O Rfc8 14. Rc1 Rc7
15. b4 b5 16. Bxb5 Nxb4 17. axb4 axb5 18. Nxb5 Rxc1 19. Nxd6 Rxd1 20. Rxd1 Kf8
21. Rb1 Rb8 22. e4 Ke7 23. e5 Ne8 24. Nxe8 Kxe8 25. Kf1 Kd7 26. Ke2 Kc6 27. Kd3
Kb5 28. Ra1 Rb7 29. h4 g6 30. h5 gxh5 31. Rh1 Ra7 32. Rxh5 Ra3+ 33. Ke2 Kc4 34.
Rxh7 Kxd4 35. f4 Ke4 36. Rxf7 Ra2+ 37. Ke1 Rb2 38. Rf6 Rxb4 39. Rxe6 Kxf4 40.
Re8 Re4+ 41. Kd2 Rxe5 42. Rxe5 Kxe5 1/2-1/2

[Event "32nd ECC Open 2016"]
[Site "Novi Sad SRB"]
[Date "2016.11.09"]
[Round "4.30"]
[Board "6"]
[White "Sucikova, Svetlana"]
[Black "Van Kemenade, Julie"]
[Result "1-0"]
[WhiteTitle "WFM"]
[WhiteElo "2076"]
[BlackElo "1703"]
[WhiteTeam "White Rose"]
[BlackTeam "Cardigan"]
[WhiteFideId "14923653"]
[BlackFideId "402796"]
[EventDate "2016.11.06"]

1. c4 Nf6 2. Nc3 g6 3. g3 Bg7 4. Bg2 d6 5. Nf3 Nbd7 6. d4 c6 7. O-O O-O 8. e4 e5
9. Re1 Ne8 10. b3 Qa5 11. Bb2 Qc7 12. Rc1 f6 13. Ba3 Rf7 14. c5 Bf8 15. Bf1 Kh8
16. Bc4 Rg7 17. b4 f5 18. Be6 Ndf6 19. cxd6 Bxd6 20. Bxc8 Rxc8 21. Nb5 Qe7 22.
dxe5 Bxe5 23. exf5 Rd8 24. Qb3 Rd5 25. Nc3 Ng4 26. Nxd5 cxd5 27. Nxe5 Nxe5 28.
Bb2 1-0

[Event "32nd ECC Open 2016"]
[Site "Novi Sad SRB"]
[Date "2016.11.09"]
[Round "4.31"]
[Board "1"]
[White "Guxho, Clirim"]
[Black "Moran, Stephen"]
[Result "1/2-1/2"]
[WhiteElo "2101"]
[BlackElo "2180"]
[WhiteTeam "Butrinti"]
[BlackTeam "Trinity College Dublin"]
[WhiteFideId "4700996"]
[BlackFideId "2501872"]
[EventDate "2016.11.06"]

1. c4 g6 2. Nc3 Bg7 3. g3 c5 4. Bg2 Nc6 5. d3 e6 6. e4 Nge7 7. Be3 Nd4 8. Nge2
Nec6 9. O-O O-O 10. Rb1 Qe7 11. a3 b6 12. Qd2 Nb3 13. Qd1 Nbd4 14. h3 Bb7 15.
Kh2 Rac8 16. f4 f5 17. e5 d6 18. exd6 Qxd6 19. b4 Ba8 20. bxc5 bxc5 21. Nb5 Qd7
22. Nbxd4 Nxd4 23. Bxa8 Rxa8 24. Nxd4 cxd4 25. Bd2 e5 26. Re1 Rfe8 27. Qf3 e4
28. Qe2 e3 29. Bb4 Qc6 30. Qg2 Qxg2+ 31. Kxg2 Bf8 32. Bxf8 Kxf8 33. Kf3 Rab8 34.
Rb4 a5 35. Rb5 Rxb5 36. cxb5 Rc8 37. b6 Ke7 38. g4 Kd6 39. gxf5 gxf5 40. Rb1 Kc6
41. b7 Rb8 42. Rc1+ Kxb7 43. Rc4 Rd8 44. Rc5 Re8 45. Ke2 Rc8 46. Rd5 Rc2+ 47.
Ke1 Rc1+ 48. Ke2 Rc2+ 49. Ke1 Rc1+ 1/2-1/2

[Event "32nd ECC Open 2016"]
[Site "Novi Sad SRB"]
[Date "2016.11.09"]
[Round "4.31"]
[Board "2"]
[White "Menzies, Colin"]
[Black "Mihasi, Lime"]
[Result "1-0"]
[WhiteElo "2144"]
[BlackElo "2039"]
[WhiteTeam "Trinity College Dublin"]
[BlackTeam "Butrinti"]
[WhiteFideId "2502755"]
[BlackFideId "4700252"]
[EventDate "2016.11.06"]

1. e4 c5 2. Nf3 d6 3. Bb5+ Bd7 4. Qe2 Nc6 5. c3 Qc7 6. O-O g6 7. d4 cxd4 8. cxd4
Bg7 9. Be3 Nf6 10. Nc3 a6 11. Ba4 O-O 12. Rac1 Rac8 13. a3 Qb8 14. d5 Ne5 15.
Nxe5 dxe5 16. Bxd7 Nxd7 17. Na4 Rxc1 18. Rxc1 Rc8 19. Rc2 b6 20. g3 b5 21. Nc5
Qc7 22. Rc3 Qd6 23. Qc2 Nf6 24. Bg5 Ne8 25. Nb7 Rxc3 26. Qxc3 Qb8 27. Qc6 f6 28.
Be3 Nd6 29. Nxd6 exd6 30. Qxa6 f5 31. f3 fxe4 32. fxe4 Qf8 33. Kg2 Qb8 34. Qb6
Qc8 35. Qc6 Qg4 36. Qc2 Bf6 37. b3 h5 38. h3 Qd7 39. Qc6 Qxc6 40. dxc6 Bd8 41.
Bg5 Bc7 42. g4 hxg4 43. h4 Kf7 44. Kg3 Ke6 45. Kxg4 d5 46. exd5+ Kxd5 47. Be7
Kxc6 48. Kg5 Kd7 49. Bf6 Bd8 50. Bxd8 Kxd8 51. Kg4 Ke7 52. Kf3 1-0

[Event "32nd ECC Open 2016"]
[Site "Novi Sad SRB"]
[Date "2016.11.09"]
[Round "4.31"]
[Board "3"]
[White "Mejdini, Murat"]
[Black "Tirziman, Rudolf"]
[Result "1-0"]
[WhiteElo "1989"]
[BlackElo "1991"]
[WhiteTeam "Butrinti"]
[BlackTeam "Trinity College Dublin"]
[WhiteFideId "4700244"]
[BlackFideId "2508664"]
[EventDate "2016.11.06"]

1. d4 Nf6 2. Bf4 d5 3. Nf3 c5 4. e3 Nc6 5. c3 Qb6 6. Qb3 c4 7. Qxb6 axb6 8. Nbd2
b5 9. Be2 h6 10. Ne5 Bf5 11. O-O e6 12. a3 Be7 13. Rfe1 O-O 14. Bf3 Nxe5 15.
Bxe5 Ne4 16. Bxe4 Bxe4 17. f3 Bd3 18. e4 Rfd8 19. exd5 exd5 20. Nf1 Bxf1 21.
Kxf1 f6 22. Bg3 Kf7 23. Rac1 g5 24. Re2 Bd6 25. Rce1 Rac8 26. Bxd6 Rxd6 27. g3 1-0

[Event "32nd ECC Open 2016"]
[Site "Novi Sad SRB"]
[Date "2016.11.09"]
[Round "4.31"]
[Board "4"]
[White "Scott, Luke"]
[Black "Karralliu, Fuat"]
[Result "1/2-1/2"]
[WhiteElo "2016"]
[BlackElo "1931"]
[WhiteTeam "Trinity College Dublin"]
[BlackTeam "Butrinti"]
[WhiteFideId "2507986"]
[BlackFideId "4702166"]
[EventDate "2016.11.06"]

1. d4 Nf6 2. c4 d6 3. Nf3 g6 4. Nc3 Bg7 5. e4 Bg4 6. Be2 O-O 7. Be3 Nbd7 8. O-O
a6 9. Ne1 Bxe2 10. Qxe2 e5 11. d5 b6 12. Nd3 a5 13. b4 axb4 14. Nxb4 Nb8 15. a4
Qd7 16. Ra3 Ra5 17. Rb1 Ng4 18. f3 Nxe3 19. Qxe3 f5 20. Nd3 fxe4 21. fxe4 Qf7
22. Raa1 Qd7 23. Rb5 Ra8 24. Ra2 Qf7 25. Rf2 Qe7 26. Rxf8+ Qxf8 27. Qh3 Bh6 28.
Rb2 Bg7 29. Rf2 Qd8 30. Qe6+ Kh8 31. Rf7 Na6 32. Nb5 Qg5 33. h3 Qe3+ 34. Nf2 Nc5
35. Qe7 Nxe4 36. Nxc7 Nxf2 37. Kh2 Rg8 38. Ne6 Ne4 39. Nxg7 Qg3+ 40. Kg1 Qe3+
41. Kh2 Qg3+ 42. Kg1 Qe3+ 43. Kh2 Qg3+ 1/2-1/2

[Event "32nd ECC Open 2016"]
[Site "Novi Sad SRB"]
[Date "2016.11.09"]
[Round "4.31"]
[Board "5"]
[White "Mihasi, Erald"]
[Black "Delaney, Rory"]
[Result "0-1"]
[WhiteElo "1845"]
[BlackElo "1967"]
[WhiteTeam "Butrinti"]
[BlackTeam "Trinity College Dublin"]
[WhiteFideId "4700902"]
[BlackFideId "2502208"]
[EventDate "2016.11.06"]

1. d4 Nf6 2. Bf4 d5 3. e3 e6 4. Nf3 Be7 5. Bd3 c5 6. c3 O-O 7. Nbd2 Nc6 8. O-O
Bd6 9. Bg5 h6 10. Bh4 Be7 11. Qc2 c4 12. Be2 b5 13. Bg3 Bb7 14. Ne5 Nxe5 15.
Bxe5 Nd7 16. Bg3 f5 17. f4 Bc6 18. Bf3 Nf6 19. Bh4 Qc7 20. Kh1 Bd6 21. Rf2 Nh7
22. Nf1 g5 23. fxg5 hxg5 24. Bg3 g4 25. Be2 Ng5 26. Bxd6 Qxd6 27. Ng3 Ne4 28.
Nxe4 dxe4 29. g3 Rf7 30. Raf1 Raf8 31. Qd1 Rg7 32. Rf4 Rff7 33. R1f2 Bd5 34. Qf1
Qe7 35. Rg2 Rh7 36. Rff2 Qc7 37. Rf4 a6 38. Rgf2 Rhg7 39. a3 a5 40. Qd1 Qe7 41.
Qf1 Bc6 42. a4 Bd5 43. axb5 Qc7 44. Qa1 Qb6 45. Qa4 Rc7 46. b3 cxb3 47. c4 b2
48. Rf1 e5 49. c5 Qh6 50. Rxf5 Qxe3 51. Bc4 Qxd4 52. Bxd5+ Qxd5 53. Rd1 e3+ 54.
Kg1 e2 55. Re1 Qxc5+ 56. Kg2 Qd5+ 57. Kg1 Qd4+ 58. Qxd4 exd4 59. b6 Rc1 60. Rb5
Rxe1+ 61. Kf2 0-1